000
00269nam a22001337a 4500
003
SGT
082
_a
617.7
_b
R15K
100
_a
KHURANA , A K
245
_a
REVIEW OF OPHTHALMOLOGY
250
_a
6TH
260
_a
INDIA
_b
JAYPEE
_c
2015
300
_a
190
942
_2
ddc
_c
BK
999
_c
14006
_d
14006